000 00609nam a2200205Ia 4500
003 GCL
008 140319s9999 xx 000 0 ara d
040 _aGCL /
_cGCL
082 0 4 _a953.0714
_bش ا
100 1 _aشوقى ابوخليل
245 1 0 _aالارك بقيادة يعقوب المنصور الموحدى /
_cشوقى ابوخليل
260 _a[S.N] :
_bدار الفكر ،
_c1979
300 _a80 ص
490 _a
650 0 4 _aالاندلس
650 0 4 _aالتاريخ الاسلامى
650 0 4 _aدولة الموحدين
650 0 4 _aمعركة الارك
942 _2ddc
_cBK
999 _c36111
_d36111